Ročenka ...
| Corporate Author: | |
|---|---|
| Other Authors: | |
| Format: | Serial |
| Language: | Slovak |
| PhysicalDescription: | zv. 20-29 cm |
| Published: |
Bratislava
Výskumný ústav ekonomiky poľnohospodárstva a potravinárstva
|
| ISBN: | 8080582394 (brož. : r. 2001) 8080583013 (brož. : r. 2002) 8080583374 (brož. : r. 2003) 8080583781 (brož. : r. 2004) 8080584311 (brož. : r. 2005) 9788080584726 (brož. : r. 2006) 9788080584971 (brož. : r. 2007) |
| Subjects: |
MARC
| LEADER | 00000nas a2200000 a 4500 | ||
|---|---|---|---|
| 001 | vtls001474758 | ||
| 003 | SK-MaSNL | ||
| 005 | 20260425194132.0 | ||
| 008 | 040513c19979999xo ar 0 0b0slo | ||
| 015 | |a SNBB2007/03-00786 (r. 2001) |a SNBB2007/03-00787 (r. 2002) |a SNBB2007/03-01243 (r. 2003) |a SNBB2007/03-00812 (r. 2004) |a SNBB2007/03-00813 (r. 2005) |a SNBB2008/03-01419 (r. 2006) |a SNBB2008/03-01420 (r. 2007) | ||
| 020 | |a 8080582394 (brož. : r. 2001) | ||
| 020 | |a 8080583013 (brož. : r. 2002) | ||
| 020 | |a 8080583374 (brož. : r. 2003) | ||
| 020 | |a 8080583781 (brož. : r. 2004) | ||
| 020 | |a 8080584311 (brož. : r. 2005) | ||
| 020 | |a 9788080584726 (brož. : r. 2006) | ||
| 020 | |a 9788080584971 (brož. : r. 2007) | ||
| 035 | |a SNK000430059 | ||
| 040 | |a SNK |b slo |c SNK |e AACR2 | ||
| 041 | 0 | |a slo |b eng | |
| 043 | |a e-xo--- | ||
| 044 | |a xo |c SK | ||
| 072 | 7 | |a 63 |x Poľnohospodárstvo a príbuzné oblasti vedy a techniky |2 konspekt | |
| 072 | 7 | |a 00 |x Veda. Všeobecnosti. Základy vedy a kultúry. Vedecká práca |2 konspekt | |
| 080 | |a 338.43.01 |2 2001 | ||
| 080 | |a 663/664 |2 2001 | ||
| 080 | |a (437.6) |2 2001 | ||
| 080 | |a (058) |2 2001 | ||
| 080 | |a 631 |2 2001 | ||
| 080 | |a (036) |2 2001 | ||
| 080 | |a 001.32 |2 2001 | ||
| 110 | 2 | |a Výskumný ústav ekonomiky poľnohospodárstva a potravinárstva (Bratislava, Slovensko) |9 32788 | |
| 245 | 1 | 0 | |a Ročenka ... |c Výskumný ústav ekonomiky poľnohospodárstva a potravinárstva |
| 260 | |a Bratislava |b Výskumný ústav ekonomiky poľnohospodárstva a potravinárstva | ||
| 300 | |a zv. |c 20-29 cm | ||
| 310 | |a 1x ročne | ||
| 500 | |a Do r. 2000 spracované ako monografia | ||
| 500 | |a Súčasťou názvu je označenie bežného roku | ||
| 500 | |a Popis podľa: R. 2001 (vydané v r. 2002) | ||
| 500 | |a V r. 2004 začína s výškou formátu 29 cm | ||
| 500 | |a Zostavila: 2001-2007, Mária Kubanková | ||
| 500 | |a V r. 2006-2007 sa neuvádza angl. res. | ||
| 504 | |a Bibliografia | ||
| 546 | |a Res. angl. | ||
| 610 | 2 | 7 | |a Výskumný ústav ekonomiky poľnohospodárstva a potravinárstva (Bratislava, Slovensko) |2 SNKKA |9 32788 |
| 650 | 0 | 7 | |a výskumné ústavy |2 SNKPH |9 63999 |
| 650 | 0 | 7 | |a ekonomika poľnohospodárstva |2 SNKPH |9 3609 |
| 650 | 0 | 7 | |a poľnohospodárstvo |2 SNKPH |9 679 |
| 650 | 0 | 7 | |a potravinárstvo |2 SNKPH |9 678 |
| 651 | 7 | |a Slovensko |2 SNKPH |9 14231 | |
| 655 | 7 | |a informačné publikácie |2 SNKPH |9 70181 | |
| 655 | 7 | |a ročenky |2 SNKPH |9 57146 | |
| 700 | 1 | |a Kubanková, Mária, |d 1948- |4 com |9 100772 | |
| 910 | |a snk | ||
| 919 | |a 80-8058-239-4 | ||
| 919 | |a 80-8058-301-3 | ||
| 919 | |a 80-8058-337-4 | ||
| 919 | |a 80-8058-378-1 | ||
| 919 | |a 80-8058-431-1 | ||
| 919 | |a 978-80-8058-472-6 | ||
| 919 | |a 978-80-8058-497-1 | ||
| 958 | |a NB | ||
| 999 | |c 4845 |d 6775 | ||
| 952 | |a SNK |b SNK |y PREZ |7 0 |p 17A0477759 |o snkČSD 2179/2004 |i snk2005/21207 |8 0 |0 0 |1 0 |4 0 |d 2005-12-15 |l 0 |r 2026-02-21 19:30:31 |w 2026-02-21 | ||
| 952 | |a SNK |b SNK |y PREZ |7 0 |p 17A0477760 |o snkČSD 2179/2004 D1 |i snk2005/21209 |8 0 |0 0 |1 0 |4 0 |d 2005-12-15 |l 0 |r 2026-02-21 19:30:31 |w 2026-02-21 | ||
| 952 | |a SNK |b SNK |y PREZ |7 0 |p 17A0416423 |o snkČSD 2179/2001 |i snkPV 632/2004 |0 0 |1 0 |4 0 |d 2004-05-13 |l 0 |r 2005-01-02 00:00:00 |w 2026-02-21 | ||
| 952 | |a SNK |b SNK |y PREZ |7 0 |p 17A0416424 |o snkČSD 2179/2001 D1 |i snkPV 633/2004 |0 0 |1 0 |4 0 |d 2004-05-13 |l 0 |r 2005-01-02 00:00:00 |w 2026-02-21 | ||
| 952 | |a SNK |b SNK |y PREZ |7 0 |p 17A0416496 |o snkČSD 2179/2002 |i snkPV 674/2004 |0 0 |1 0 |4 0 |d 2004-05-13 |l 0 |r 2005-01-02 00:00:00 |w 2026-02-21 | ||
| 952 | |a SNK |b SNK |y PREZ |7 0 |p 17A0416497 |o snkČSD 2179/2002 D1 |i snkPV 675/2004 |0 0 |1 0 |4 0 |d 2004-05-13 |l 0 |r 2005-01-02 00:00:00 |w 2026-02-21 | ||
| 952 | |a SNK |b SNK |y PREZ |7 0 |p 17A0556020 |o snkČSD 2179/2005 D1 |i snk2007/17282 |8 0 |0 0 |1 0 |4 0 |d 2007-07-12 |l 0 |r 2026-02-21 20:15:57 |w 2026-02-21 | ||
| 952 | |a SNK |b SNK |y PREZ |7 0 |p 17A0556658 |o snkČSD 2179/2003 |i snk2007/20564 |8 0 |0 0 |1 0 |4 0 |d 2007-09-14 |l 0 |r 2026-02-21 20:20:57 |w 2026-02-21 | ||
| 952 | |a SNK |b SNK |y PREZ |7 0 |p 17A0556659 |o snkČSD 2179/2003 D1 |i snk2007/20565 |8 0 |0 0 |1 0 |4 0 |d 2007-09-14 |l 0 |r 2026-02-21 20:20:57 |w 2026-02-21 | ||
| 952 | |a SNK |b SNK |y PREZ |7 0 |p 17A0563191 |o snkČSD 2179/2006 |i snk2007/24283 |8 0 |0 0 |1 0 |4 0 |d 2007-11-09 |l 0 |r 2026-02-21 20:21:17 |w 2026-02-21 | ||
| 952 | |a SNK |b SNK |y PREZ |7 0 |p 17A0563192 |o snkČSD 2179/2006 D1 |i snk2007/24284 |8 0 |0 0 |1 0 |4 0 |d 2007-11-09 |l 0 |r 2026-02-21 20:21:17 |w 2026-02-21 | ||
| 952 | |a SNK |b SNK |y PREZ |7 0 |p 17A0582566 |o snkČSD 2179/2007 |i snk2008/15265 |8 0 |0 0 |1 0 |4 0 |d 2008-08-11 |l 0 |r 2026-02-21 20:21:57 |w 2026-02-21 | ||
| 952 | |a SNK |b SNK |y PREZ |7 0 |p 17A0556019 |o snkČSD 2179/2005 |i snk2007/17281 |8 0 |0 0 |1 0 |4 0 |d 2007-07-12 |l 0 |r 2026-02-21 20:27:57 |w 2026-02-21 | ||
| 952 | |a SNK |b SNK |y PREZ |7 0 |p 17A0582567 |o snkČSD 2179/2007 D1 |i snk2008/15266 |8 0 |0 0 |1 0 |4 0 |d 2008-08-11 |l 0 |r 2026-02-21 20:28:46 |w 2026-02-21 | ||


